| 000 | 00738cam a2200181 i 4500 | ||
|---|---|---|---|
| 005 | 20260111094630.0 | ||
| 008 | 250721s1993 ua gr 000 0 ara d | ||
| 082 | 1 | 4 |
_a303.4 _bج و ل |
| 100 | 1 |
_aجولاني، فاديه عمر _eمؤلف. |
|
| 245 | 1 | 2 |
_aالتغير الإجتماعي : _bمدخل النظرية الوظيفية لتحليل التغير / _cتأليف دكتورة فادية عمر الجولانى. |
| 264 | 3 | 1 |
_aالإسكندرية : _bمؤسسة شباب الجامعة، _c1993. |
| 300 | _a317 صفحة. | ||
| 650 | 1 | 7 | _aالتغير الإجتماعي. |
| 650 | 1 | 7 | _aالتغير الثقافي. |
| 650 | 1 | 7 | _aالنضج الإجتماعي. |
| 942 |
_2ddc _cBK |
||
| 999 |
_c80462 _d80462 |
||